[Event "Superettan(Solna-Limhamn II)"]
[Site "?"]
[Date "2014.03.09"]
[Round "9"]
[White "Tadjerbashi, Amir"]
[Black "Johansson, Gunnar"]
[Result "1/2-1/2"]
[WhiteElo "2230"]
[BlackElo "2291"]
[PlyCount "69"]

1. e4 c5 2. Nf3 Nc6 3. d4 cxd4 4. Nxd4 e6 5. Nc3 Qc7 6. g3 a6 7. Bg2 d6 8. O-O
Bd7 9. Re1 Be7 10. a4 Nf6 11. Nxc6 Bxc6 12. a5 O-O 13. Be3 Nd7 14. Na4 Rae8 15.
Nb6 f5 16. Nxd7 Qxd7 17. Qd3 fxe4 18. Bxe4 Bxe4 19. Qxe4 d5 20. Qg4 Qc6 21. Bd4
Bf6 22. Bxf6 Rxf6 23. Qd4 Rc8 24. c3 Qb5 25. b4 Rc4 26. Qe5 Qd7 27. Rad1 Rc6
28. f4 Rf5 29. Qe3 Rf8 30. Rd3 Qc8 31. Qe5 Rf5 32. Qe3 Rf7 33. Qe5 Rf5 34. Qe3
Rf6 35. Qe5 1/2-1/2

[Event "Superettan(Solna-Limhamn II)"]
[Site "?"]
[Date "2014.03.09"]
[Round "9"]
[White "Lundvik, Jonas"]
[Black "Wakeham, Daniel"]
[Result "1/2-1/2"]
[WhiteElo "2238"]
[BlackElo "2081"]
[PlyCount "88"]

1. d4 e6 2. Nf3 Nf6 3. c4 b6 4. Nc3 Bb4 5. e3 Bb7 6. Be2 Bxc3+ 7. bxc3 Ne4 8.
Qc2 d6 9. O-O f5 10. Nd2 Nd7 11. f3 Nxd2 12. Bxd2 Nf6 13. Bd3 Qe7 14. e4 fxe4
15. fxe4 e5 16. Rf3 h6 17. Raf1 O-O 18. d5 Ng4 19. Qd1 Qh4 20. h3 Nf6 21. Qe2
Nh7 22. Be1 Qe7 23. Rf5 Rxf5 24. exf5 Rf8 25. Be4 Bc8 26. g4 Ng5 27. Kg2 Nh7
28. Kg3 h5 29. Bd2 h4+ 30. Kg2 Ba6 31. Rg1 Ng5 32. Kh2 Qf6 33. Qe3 Nxe4 34.
Qxe4 g5 35. fxg6 Kg7 36. g5 Qxg6 37. Qxh4 Rh8 38. Qg3 Bxc4 39. Qg4 Bd3 40. Rg3
Be4 41. c4 Qf5 42. Qxf5 Bxf5 43. Ra3 a5 44. Be1 Kg6 1/2-1/2

[Event "Superettan(Solna-Limhamn II)"]
[Site "?"]
[Date "2014.03.09"]
[Round "9"]
[White "Ollen, Martin"]
[Black "Steneskog, Per"]
[Result "0-1"]
[WhiteElo "2121"]
[BlackElo "2266"]
[PlyCount "76"]

1. e4 e6 2. b3 d5 3. Bb2 dxe4 4. Nc3 Nf6 5. Qe2 Be7 6. g4 Nc6 7. O-O-O Nd4 8.
Qe1 Nxg4 9. Nxe4 a5 10. f3 Ne5 11. Qf2 c5 12. f4 Nec6 13. Qg2 O-O 14. Ne2 a4
15. Kb1 axb3 16. cxb3 f5 17. Rg1 g6 18. N4c3 Bf6 19. Nc1 Qd6 20. Qg3 b6 21. h4
Kf7 22. h5 Rg8 23. Qh2 Nf3 24. hxg6+ hxg6 25. Qg2 Nxg1 26. Nb5 Qd7 27. Bxf6
Kxf6 28. Qxg1 Ba6 29. Qg5+ Kf7 30. a4 Rad8 31. Bc4 Qe7 32. Qg2 Bxb5 33. Bxb5
Nb4 34. Qe2 Rd4 35. Rh1 Qd6 36. Rh4 Rxd2 37. Qf3 Qd4 38. Qb7+ Kf6 0-1

[Event "Superettan(Solna-Limhamn II)"]
[Site "?"]
[Date "2014.03.09"]
[Round "9"]
[White "Bjarnehag, Peter"]
[Black "Karlsson, Ulf"]
[Result "1/2-1/2"]
[WhiteElo "2208"]
[BlackElo "2069"]
[PlyCount "81"]

1. Nf3 Nf6 2. c4 e6 3. g3 c5 4. Bg2 Nc6 5. O-O d5 6. cxd5 exd5 7. d4 Be7 8. Nc3
O-O 9. Bg5 cxd4 10. Nxd4 h6 11. Bf4 Bg4 12. h3 Be6 13. Nxe6 fxe6 14. e4 d4 15.
e5 dxc3 16. exf6 Bxf6 17. bxc3 Bxc3 18. Rb1 Rf7 19. Rxb7 Qxd1 20. Rxd1 Rxb7 21.
Bxc6 Rab8 22. Bxb7 Rxb7 23. Rd3 Ba5 24. Be3 Kf7 25. Kg2 Ke7 26. Bc5+ Kf7 27.
Ra3 Bb6 28. Rb3 Rb8 29. a4 Bc7 30. Rf3+ Kg6 31. Re3 Kf7 32. Rd3 Bb6 33. Rb3 Bc7
34. Rf3+ Kg6 35. Re3 Kf7 36. Bxa7 Ra8 37. Bc5 Rxa4 38. Rd3 Be5 39. h4 h5 40.
Rd7+ Kg6 41. Be3 1/2-1/2

[Event "Superettan(Solna-Limhamn II)"]
[Site "?"]
[Date "2014.03.09"]
[Round "9"]
[White "Nilsson, Patrik"]
[Black "Lindborg, Petter"]
[Result "0-1"]
[WhiteElo "2080"]
[BlackElo "2246"]
[PlyCount "88"]

1. e4 e6 2. d4 d5 3. Nd2 Nc6 4. Ngf3 Nf6 5. e5 Nd7 6. Bb5 a6 7. Bxc6 bxc6 8.
O-O c5 9. c3 a5 10. Re1 Be7 11. Nf1 O-O 12. Ng3 f5 13. exf6 Nxf6 14. Ng5 Ra6
15. Qe2 cxd4 16. cxd4 Re8 17. Bf4 c5 18. Rac1 cxd4 19. Qd3 Bd6 20. Be5 Bxe5 21.
Rxe5 Qd6 22. f4 Rb6 23. Rce1 h6 24. Nf5 Qf8 25. Nh4 hxg5 26. fxg5 Ng4 27. Rf1
Nxe5 28. Rxf8+ Rxf8 29. Qxd4 Rc6 30. h3 Rc4 31. Qxe5 Rxh4 32. Qg3 Rhf4 33. g6
R8f6 34. Qc3 Rc4 35. Qxa5 Rxg6 36. Qd8+ Kh7 37. g4 Rf6 38. Kg2 d4 39. g5 Bb7+
40. Kg3 Rf3+ 41. Kh2 Rc2+ 42. Kg1 Rg3+ 43. Kf1 Ba6+ 44. Ke1 Rg1# 0-1

[Event "Superettan(Solna-Limhamn II)"]
[Site "?"]
[Date "2014.03.09"]
[Round "9"]
[White "Wallgren, Ulf"]
[Black "Nurmi, Tommy"]
[Result "1-0"]
[WhiteElo "2105"]
[BlackElo "2064"]
[PlyCount "141"]

1. e4 d5 2. exd5 Qxd5 3. Nc3 Qa5 4. d4 c6 5. Nf3 Nf6 6. Be2 Bf5 7. O-O e6 8.
Bf4 Bb4 9. Bd2 Qc7 10. Nb5 cxb5 11. Bxb5+ Nc6 12. Bxb4 Nd7 13. Ba3 Bg4 14. d5
exd5 15. Re1+ Be6 16. Ng5 O-O-O 17. Nxe6 fxe6 18. Rxe6 Nde5 19. Bxc6 Nxc6 20.
Qd2 Qd7 21. Rae1 Rhe8 22. Rxe8 Rxe8 23. Rxe8+ Qxe8 24. Kf1 Qe5 25. g3 Qe4 26.
Qd3 Qxd3+ 27. cxd3 Kd7 28. Bf8 g6 29. Ke2 h5 30. Ke3 Ke6 31. h3 Kf5 32. Bg7 a6
33. f3 g5 34. a3 Kg6 35. Bc3 b5 36. Bb4 Kf5 37. Bc5 Kg6 38. Bb6 Kf5 39. g4+
hxg4 40. hxg4+ Ke5 41. Bc7+ Kf6 42. f4 gxf4+ 43. Kxf4 a5 44. g5+ Ke6 45. Kg4 a4
46. Kh5 Ne7 47. Kh6 Kf7 48. Kh5 Ng6 49. Bd6 Nh8 50. Kg4 Ke6 51. Bb4 Ng6 52. Bc3
Ne7 53. Kf4 Ng6+ 54. Ke3 Kd6 55. Kd4 Ne5 56. Bb4+ Ke6 57. Bf8 Nf3+ 58. Kc5 Ne5
59. d4 Nd7+ 60. Kxb5 Nxf8 61. Kxa4 Kf5 62. Kb5 Ne6 63. a4 Ke4 64. a5 Nxd4+ 65.
Kb6 Nf5 66. a6 Nd6 67. g6 d4 68. g7 d3 69. g8=Q d2 70. Qg4+ Kd5 71. a7 1-0

[Event "Superettan(Schack 08-Orebro)"]
[Site "?"]
[Date "2014.03.09"]
[Round "9"]
[White "Jonsson, Krister"]
[Black "Renman, Nils-Gustaf"]
[Result "0-1"]
[WhiteElo "2141"]
[BlackElo "2386"]
[PlyCount "76"]

1. d4 e6 2. g3 f5 3. Bg2 Nf6 4. c4 c6 5. Nc3 d5 6. Nh3 Be7 7. O-O O-O 8. b3 Ne4
9. Nxe4 fxe4 10. e3 Nd7 11. f3 exf3 12. Rxf3 Rxf3 13. Qxf3 dxc4 14. bxc4 e5 15.
Bb2 Bf6 16. Rf1 exd4 17. exd4 Nb6 18. d5 Bxh3 19. Bxf6 Bxg2 20. Bxd8 Bxf3 21.
Bxb6 Bxd5 22. cxd5 axb6 23. Rc1 cxd5 24. Rc7 Rxa2 25. Rxb7 Rb2 26. Rd7 Kf8 27.
h4 h6 28. Kf1 g6 29. Rd6 Kf7 30. h5 gxh5 31. Rxh6 b5 32. Rd6 b4 33. Ke1 b3 34.
Kd1 Rg2 35. Kc1 Rxg3 36. Rxd5 h4 37. Kb2 h3 38. Rh5 Kg6 0-1

[Event "Superettan(Schack 08-Orebro)"]
[Site "?"]
[Date "2014.03.09"]
[Round "9"]
[White "Laveryd, Peter"]
[Black "Gruvaeus, Curt"]
[Result "1-0"]
[WhiteElo "2437"]
[BlackElo "2334"]
[PlyCount "93"]

1. Nf3 g6 2. d4 Bg7 3. Bf4 d6 4. e3 Bg4 5. h3 Bxf3 6. Qxf3 c6 7. Bc4 Nf6 8. O-O
Nbd7 9. c3 O-O 10. Nd2 e5 11. Bh2 Qe7 12. Rfc1 Kh8 13. Rab1 Nb6 14. Bf1 Nfd7
15. b4 f5 16. b5 d5 17. bxc6 bxc6 18. Qd1 c5 19. a4 g5 20. a5 Nc8 21. Bb5 f4
22. exf4 gxf4 23. Bc6 Rb8 24. Rxb8 Nxb8 25. Bxd5 Rd8 26. Qb3 Nd7 27. Qb7 Nf6
28. Qxe7 Nxe7 29. Bc4 Ng6 30. Nf3 exd4 31. cxd4 cxd4 32. Bf7 Bh6 33. Rd1 Ne4
34. Rxd4 Rxd4 35. Nxd4 Ne5 36. Bd5 Nc3 37. Bb3 Nd3 38. Bc4 Ne5 39. Bf1 Nd5 40.
Bb5 Nc3 41. Ba6 Nd5 42. Bb7 Nc3 43. Kf1 Nd3 44. a6 Bf8 45. Ne2 Nd1 46. Nxf4
N3xf2 47. Ne6 1-0

[Event "Superettan(Schack 08-Orebro)"]
[Site "?"]
[Date "2014.03.09"]
[Round "9"]
[White "Blomstrom, Lars"]
[Black "Schutz, Ingemar"]
[Result "1-0"]
[WhiteElo "2186"]
[BlackElo "2238"]
[PlyCount "57"]

1. e4 c5 2. Nc3 Nc6 3. g3 g6 4. Bg2 Bg7 5. d3 d6 6. Be3 Rb8 7. a4 e6 8. Qd2 Nd4
9. f4 Ne7 10. Nf3 Nxf3+ 11. Bxf3 Nc6 12. O-O Nd4 13. Bg2 O-O 14. f5 exf5 15.
Rf2 Be6 16. Bh6 Qd7 17. Bxg7 Kxg7 18. Raf1 fxe4 19. dxe4 Bc4 20. Re1 Rbe8 21.
Nd1 Be6 22. Ne3 Qxa4 23. c3 Nb5 24. Bf1 Rd8 25. Nf5+ Bxf5 26. exf5 f6 27. Re7+
Rf7 28. Rxf7+ Kxf7 29. Qd5+ 1-0

[Event "Superettan(Schack 08-Orebro)"]
[Site "?"]
[Date "2014.03.09"]
[Round "9"]
[White "Ingbrant, Johan"]
[Black "Sparv, Joakim"]
[Result "1-0"]
[WhiteElo "2430"]
[BlackElo "1975"]
[PlyCount "39"]

1. d4 d5 2. c4 dxc4 3. Nf3 Nf6 4. e3 e6 5. Bxc4 c5 6. O-O Nc6 7. Nc3 a6 8. Qe2
cxd4 9. Rd1 Qc7 10. exd4 Be7 11. Bg5 O-O 12. Rac1 Qa5 13. d5 Nxd5 14. Nxd5 Bxg5
15. Nxg5 exd5 16. Rxd5 Qb4 17. Qh5 h6 18. Nxf7 Rxf7 19. Rc5 Nd8 20. Bxf7+ 1-0

[Event "Superettan(Schack 08-Orebro)"]
[Site "?"]
[Date "2014.03.09"]
[Round "9"]
[White "Selimian, Hrayr"]
[Black "Rosberg, Simon"]
[Result "0-1"]
[WhiteElo "2090"]
[BlackElo "2252"]
[PlyCount "118"]

1. d4 d5 2. c4 c6 3. Nc3 dxc4 4. a4 Nf6 5. e4 e5 6. dxe5 Qxd1+ 7. Kxd1 Ng4 8.
Nh3 Nxe5 9. f4 Nd3 10. Bxd3 cxd3 11. Nf2 Be6 12. Nxd3 Bb3+ 13. Ke2 Na6 14. Ne1
O-O-O 15. Be3 Kb8 16. Nf3 Bb4 17. Nd4 Bc4+ 18. Kf3 Rhe8 19. Nf5 g6 20. Ng3 Bb3
21. Nce2 Nc5 22. Nd4 Nxe4 23. Nxb3 Nxg3 24. Rhd1 Nf5 25. Bf2 h5 26. h3 Be7 27.
g4 hxg4+ 28. hxg4 Nd6 29. Rac1 Bf6 30. a5 Bxb2 31. Rc2 Bf6 32. a6 Nb5 33. Rxd8+
Rxd8 34. Na5 Rd3+ 35. Kg2 Nd4 36. Bxd4 Bxd4 37. axb7 Bb6 38. Nxc6+ Kxb7 39. Ne5
Rd4 40. Nxf7 Rxf4 41. Nd6+ Ka6 42. Ra2+ Ba5 43. Kg3 Rd4 44. Nc8 Rd7 45. Kf4 Kb5
46. Kg5 Bd8+ 47. Kxg6 a5 48. Rb2+ Kc5 49. Kf5 a4 50. Ke6 Rd4 51. Rc2+ Kb4 52.
Na7 Rxg4 53. Rc8 Bb6 54. Nc6+ Kb5 55. Ne5 Rd4 56. Ra8 Rd8 57. Rxd8 Bxd8 58. Nd3
a3 59. Nc1 Bg5 0-1

[Event "Superettan(Schack 08-Orebro)"]
[Site "?"]
[Date "2014.03.09"]
[Round "9"]
[White "Faldt, Magnus"]
[Black "Gummesson, Anton"]
[Result "1-0"]
[WhiteElo "2159"]
[BlackElo "1963"]
[PlyCount "81"]

1. d4 Nf6 2. c4 g6 3. Nc3 Bg7 4. e4 d6 5. Nf3 O-O 6. h3 e5 7. d5 Na6 8. Bg5 h6
9. Be3 Nc5 10. Nd2 a5 11. g4 Ne8 12. h4 c6 13. h5 g5 14. f3 Nc7 15. Be2 Bd7 16.
Kf2 Qb8 17. Nf1 N7a6 18. Ng3 Bf6 19. Qd2 Bd8 20. Rhd1 Be7 21. Rab1 a4 22. Kg2
f6 23. Rdc1 Bd8 24. Nd1 cxd5 25. cxd5 b5 26. b4 axb3 27. axb3 b4 28. Bc4 Bb6
29. Ra1 Qb7 30. Bf2 Rfc8 31. Ne3 Kh7 32. Ra2 Bc7 33. Qe2 Nb8 34. Rca1 Rxa2 35.
Rxa2 Be8 36. Nef5 Nbd7 37. Ba6 Nxa6 38. Qxa6 Rb8 39. Nxd6 Bxd6 40. Qxd6 Nb6 41.
Bxb6 1-0

[Event "Superettan(Schack 08-Orebro)"]
[Site "?"]
[Date "2014.03.09"]
[Round "9"]
[White "Sundelius, Per"]
[Black "Ottenklev, Niclas"]
[Result "1/2-1/2"]
[WhiteElo "2063"]
[BlackElo "2199"]
[PlyCount "126"]

1. e4 c5 2. Nf3 Nc6 3. Bb5 g6 4. c3 Bg7 5. O-O Nf6 6. Qe2 O-O 7. Bxc6 bxc6 8.
Re1 d6 9. d3 e5 10. Nbd2 Ne8 11. Nb3 a5 12. a4 Nc7 13. Ra3 Ne6 14. Rd1 Ba6 15.
Qc2 f5 16. d4 c4 17. Nbd2 exd4 18. cxd4 d5 19. e5 Qb6 20. Nb1 Rab8 21. Nc3 Rfe8
22. Ra1 Bc8 23. h3 Bd7 24. Qe2 Rb7 25. g3 Nc7 26. Qe3 Na6 27. Ne1 Nb4 28. f4
Be6 29. Kg2 Bf8 30. Na2 Nxa2 31. Rxa2 c5 32. Nf3 Qb3 33. Qxb3 cxb3 34. Ra1 c4
35. Bd2 Bb4 36. Rdc1 h6 37. Kf2 Bd7 38. Ke2 Kf7 39. Nh4 Ra8 40. Ng2 Bxd2 41.
Kxd2 Rb4 42. Ne3 Ke6 43. g4 Rxa4 44. gxf5+ gxf5 45. Rxa4 Bxa4 46. Rg1 Be8 47.
Rg7 a4 48. Rh7 a3 49. Rxh6+ Kf7 50. bxa3 b2 51. Rf6+ Kg8 52. Rb6 Rxa3 53. Nxd5
Rb3 54. Rxb3 cxb3 55. Nc3 Bc6 56. Nb1 Be4 57. Kc3 Bxb1 58. Kxb2 Bc2 59. d5 Kf7
60. h4 Bd1 61. d6 Ke6 62. Kc3 Kf7 63. Kb2 Ke6 1/2-1/2

[Event "Superettan(Schack 08-Orebro)"]
[Site "?"]
[Date "2014.03.09"]
[Round "9"]
[White "Arvidsson, Tomas"]
[Black "Skoog, Daniel"]
[Result "0-1"]
[WhiteElo "1962"]
[BlackElo "1946"]
[PlyCount "100"]

1. e4 c5 2. Nc3 a6 3. Nf3 e6 4. g3 b5 5. Bg2 Bb7 6. d3 d6 7. O-O Be7 8. Ne1 Qc7
9. f4 Nd7 10. f5 e5 11. a4 b4 12. Ne2 Ngf6 13. c4 O-O-O 14. h3 h6 15. Kf2 Nb8
16. Nf3 Nh7 17. h4 Rdf8 18. Bh3 Nd7 19. Ke1 Kb8 20. Be3 Qd8 21. Rh1 g5 22. fxg6
fxg6 23. Nc1 g5 24. h5 Ndf6 25. Bf5 Bc8 26. Bxc8 Qxc8 27. Nh2 Qh3 28. Kd2 Qxh5
29. g4 Qg6 30. Nf1 Rf7 31. Ng3 Nf8 32. Nb3 Ne6 33. Na5 Kc7 34. Rh2 Nf4 35. Nh5
N6xh5 36. gxh5 Qe6 37. Bxf4 exf4 38. e5 f3 39. Qh1 Qxe5 40. Re1 Qxb2+ 41. Kd1
Qa1+ 42. Kd2 Qc3+ 43. Kd1 Qxd3+ 44. Kc1 Kb6 45. Rd2 Qa3+ 46. Kb1 Kxa5 47. Red1
Bf6 48. Qh3 Qa1+ 49. Kc2 b3+ 50. Kd3 Qd4# 0-1